Les 30 Plus Grosses Ventes Du Napoli - Statistiques

Statistiques générales
  • Ce quiz a été pris 118 fois
    33 depuis la dernière actualisation
  • Le résultat moyen est 15 sur 30
Statistiques - réponses
Joueur Club Acheteur Saison Nationalité Poste Prix Du Transfert Ordre % Correct
VictorOsimhen Galatasaray 25/26 Nigéria A 75 000 000 € 2
100%
EdinsonCavani PSG 13/14 Uruguay A 64 500 000 € 4
96%
GonzaloHiguain Juventus 16/17 Argentine A 90 000 000 € 1
92%
KalidouKoulibaly Chelsea 22/23 Sénégal D 41 900 000 € 7
92%
Min - JaeKim Bayern 23/24 CoréeDu Sud D 42 000 000 € 6
92%
EzequielLavezzi PSG 12/13 Argentine A 30 000 000 € 8
88%
FabiánRuiz PSG 22/23 Espagne M 23 000 000 € 11
88%
Jorginho Chelsea 18/19 Italie M 57 000 000 € 5
88%
Allan Everton 20/21 Brésil M 24 600 000 € 9
71%
KvichaKvaratskhelia Psg 24/25 Géorgie A 70 000 000 € 3
71%
ArkadiuszMilik Marseille 22/23 Pologne A 10 930 000 € 25
67%
EljifElmas Rb Leipzig 23/24 MacédoineDu Nord M 24 000 000 € 10
67%
HirvingLozano Psv 23/24 Mexique A 15 000 000 € 22
63%
MarekHamsik Dalian Yifang 18/19 Slovaquie M 20 000 000 € 16
63%
DuvánZapata Sampdoria 18/19 Colombie A 20 000 000 € 17
58%
GiacomoRaspadori AtleticoMadrid 25/26 Italie A 22 000 000 € 13
58%
AmadouDiawara Roma 19/20 Guinée M 21 000 000 € 15
38%
VladChiriches Sassuolo 20/21 Roumanie D 9 500 000 € 29
33%
MarkoRog Cagliari 20/21 Craotie M 16 300 000 € 20
29%
FabioQuagliarella Juventus 11/12 Italie A 15 000 000 € 21
25%
ManoloGabbiadini Southampton 16/17 Italie A 17 000 000 € 18
25%
Natan Betis Seville 25/26 Brésil D 10 000 000 € 27
25%
AndreaPetagna Monza 22/23 Italie A 12 500 000 € 24
21%
FedericoFernández Swansea 14/15 Argentine D 10 000 000 € 26
17%
CarlosVinícius Benfica 19/20 Brésil A 17 000 000 € 19
8%
LeonardoPavoletti Cagliari 17/18 Italie A 9 800 000 € 28
8%
RobertoInglese Parme 20/21 Italie A 21 800 000 € 14
8%
SimoneVerdi Torino 20/21 Italie A 22 000 000 € 12
8%
AlbertoGrassi Parme 20/21 Italie M 8 450 000 € 30
4%
DanielFonseca Roma 94/95 Uruguay A 12 900 000 € 23
4%
Aucun quiz correspondant
Distribution des résultats
% des personnes avec chaque résultat
Percentile par nombre de réponses
Votre historique - résultats
Vous n’avez pas pris ce quiz depuis la dernière actualisation